[Event "Tournament 14472 - Europe Echecs"]
[Site "Europe Echecs"]
[Date "2020.07.10"]
[Round "5"]
[Time "16:09:51"]
[PlyCount "119"]
[White "DintronoNoe"]
[Black "RebutPaul"]
[WhiteElo "1685"]
[BlackElo "1966"]
[Mode "WEB"]
[Result "1/2-1/2"]

1. e4 d5 2. Nc3 d4 3. Nce2 Nc6 4. f4 Nf6 5. d3 Bg4 6. h3 Bxe2 7. Bxe2 e5 8. Nf3
Bd6 9. f5 Qe7 10. Bg5 h6 11. Bh4 O-O-O 12. O-O Rdg8 13. a4 g5 14. fxg6 Rxg6 15.
Kh1 Rhg8 16. Rg1 Qe6 17. Qe1 Nh5 18. Nxd4 Nxd4 19. Bxh5 Nxc2 20. Qf2 Nxa1 21.
Bxg6 fxg6 22. Rxa1 g5 23. Bg3 g4 24. h4 Rf8 25. Qxa7 Qb3 26. Bxe5 Qxd3 27. Bxd6
Qxd6 28. Qa8+ Kd7 29. Qxb7 g3 30. Qd5 Qxd5 31. exd5 Rf4 32. a5 Rxh4+ 33. Kg1 Rb4
34. a6 Rb8 35. Kf1 Kd6 36. a7 Ra8 37. Ke2 Kxd5 38. Kf3 c5 39. Kxg3 Kc4 40. Ra3
Kb4 41. Kf4 c4 42. g4 c3 43. Rxc3 Rxa7 44. Kf5 Ra6 45. Rh3 Kc4 46. Re3 Rb6 47.
Re2 Kd3 48. Rh2 Ke3 49. Rc2 Kf3 50. Rc3+ Kg2 51. b3 Kf2 52. Ke4 Rb4+ 53. Kf5 Rb6
54. Ke5 Ke2 55. Kd5 Rb4 56. Rc6 Rxb3 57. Rxh6 Kf3 58. Rg6 Kf4 59. Kc4 Rg3 {Nulle par accord mutuel} 1/2-1/2

[Event "Tournament 14472 - Europe Echecs"]
[Site "Europe Echecs"]
[Date "2020.07.10"]
[Round "5"]
[Time "16:09:51"]
[PlyCount "131"]
[White "BurgalatEliot"]
[Black "BretonVadim"]
[WhiteElo "1963"]
[BlackElo "1669"]
[Mode "WEB"]
[Result "1/2-1/2"]

1. Nf3 Nf6 2. d4 d5 3. c4 c6 4. Nc3 e6 5. e3 Be7 6. Be2 O-O 7. O-O Nbd7 8. b3
Re8 9. Ne5 Nxe5 10. dxe5 Nd7 11. f4 f6 12. cxd5 cxd5 13. Bg4 Bb4 14. Nxd5 exd5
15. Qxd5+ Kh8 16. Rd1 fxe5 17. Bxd7 Bxd7 18. Qxd7 Qxd7 19. Rxd7 exf4 20. Bb2
fxe3 21. Rxg7 Rac8 22. Rg3+ Bc3 23. Bxc3+ Rxc3 24. Re1 Re6 25. Rf1 Re8 26. Re1
Re6 27. Rf3 Re8 28. g3 Re6 29. Kg2 Rc2+ 30. Kg1 Rc3 31. Re2 Kg7 32. Kg2 Rd3 33.
Rf4 Rd2 34. Kf3 Rxe2 35. Kxe2 Ra6 36. a4 Rb6 37. b4 Rh6 38. h4 Rg6 39. g4 Re6
40. Rd4 Re7 41. Rd3 Re4 42. Rd7+ Kh6 43. Rxb7 Rxg4 44. Rxa7 Rxb4 45. Kxe3 Rxh4
46. Kf3 Kg5 47. a5 h5 48. a6 Ra4 49. Rg7+ Kh4 50. a7 Ra3+ 51. Ke4 Kh3 52. Kd5 h4
53. Kc6 Kh2 54. Kb7 Rxa7+ 55. Kxa7 h3 56. Kb6 Kh1 57. Kc5 h2 58. Rb7 Kg1 59.
Rb1+ Kg2 60. Rb2+ Kg1 61. Rb1+ Kg2 62. Rb2+ Kg1 63. Kd4 h1=Q 64. Rb1+ Kg2 65.
Rxh1 Kxh1 {Aucun joueur n'a le mat&eacute;riel pour mater} 1/2-1/2

[Event "Tournament 14472 - Europe Echecs"]
[Site "Europe Echecs"]
[Date "2020.07.10"]
[Round "5"]
[Time "16:09:51"]
[PlyCount "137"]
[White "BietteAntonin"]
[Black "LecciaAntoine"]
[WhiteElo "1569"]
[BlackElo "1950"]
[Mode "WEB"]
[Result "0-1"]

1. e4 e5 2. Nf3 Nc6 3. Bc4 Nf6 4. d4 exd4 5. e5 d5 6. exf6 dxc4 7. Qe2+ Be6 8.
Ng5 Qxf6 9. O-O h6 10. Nxe6 Qxe6 11. Qxe6+ fxe6 12. Re1 Kf7 13. Bf4 Bd6 14. Bxd6
cxd6 15. Nd2 d5 16. Re2 Rhe8 17. Rae1 Re7 18. Nf3 Rae8 19. Ne5+ Nxe5 20. Rxe5 b5
21. Rd1 Kf6 22. f4 a5 23. Rxd4 b4 24. b3 cxb3 25. axb3 Rc8 26. c4 bxc3 27. Re1
c2 28. Rc1 Rec7 29. Ra4 Rc3 30. Rxa5 Rxb3 31. Raa1 d4 32. Kf2 d3 33. Ke3 Rd8 34.
Kd2 Kf5 35. g3 Rb4 36. h3 Re4 37. Re1 Rxe1 38. Rxe1 h5 39. Re5+ Kf6 40. Rxh5 Rc8
41. Kxd3 c1=Q 42. Ke4 Rc4+ 43. Kf3 Qf1+ 44. Kg4 Qe2+ 45. Kh4 Qxh5+ 46. Kxh5 Kf5
47. h4 Rc8 48. g4+ Kxf4 49. Kg6 Kxg4 50. Kxg7 Kxh4 51. Kf6 Rc6 52. Ke5 Kg5 53.
Ke4 Kf6 54. Kd4 Rc1 55. Ke4 Re1+ 56. Kd3 e5 57. Kd2 Re4 58. Kd3 Kf5 59. Kd2 Kf4
60. Kd3 Kf3 61. Kd2 Re3 62. Kd1 Re2 63. Kc1 Ke3 64. Kd1 Kd3 65. Kc1 Rh2 66. Kb1
Kc3 67. Ka1 Kb3 68. Kb1 Rh1# {BietteAntonin est échec et mat} 0-1

[Event "Tournament 14472 - Europe Echecs"]
[Site "Europe Echecs"]
[Date "2020.07.10"]
[Round "5"]
[Time "16:09:51"]
[PlyCount "66"]
[White "BabaudAntoine"]
[Black "ClemenconEllio"]
[WhiteElo "1943"]
[BlackElo "1324"]
[Mode "WEB"]
[Result "1-0"]

1. e4 Nf6 2. Nc3 e5 3. Nf3 Nc6 4. Bc4 Bc5 5. O-O h6 6. d3 d6 7. h3 g5 8. Nh2 Rg8
9. Be3 Bb6 10. Nd5 g4 11. Nxf6+ Qxf6 12. hxg4 Qh4 13. Qf3 Rg7 14. c3 Bd7 15. Qh3
Qf6 16. Bxb6 axb6 17. f3 Qf4 18. Rf2 O-O-O 19. g3 Qe3 20. Nf1 Qg5 21. Qh4 Na5
22. Qxg5 hxg5 23. Bb3 Nxb3 24. axb3 Bc6 25. Ne3 b5 26. Rh2 Kd7 27. c4 bxc4 28.
bxc4 b5 29. b3 Rb8 30. c5 dxc5 31. Rc1 Ra8 32. Rxc5 Ra2 33. Rxa2 {ClemenconEllio a abandonné} 1-0

[Event "Tournament 14472 - Europe Echecs"]
[Site "Europe Echecs"]
[Date "2020.07.10"]
[Round "5"]
[Time "16:09:51"]
[PlyCount "64"]
[White "DelmasRaphael"]
[Black "BriandAmaury"]
[WhiteElo "1325"]
[BlackElo "1929"]
[Mode "WEB"]
[Result "1/2-1/2"]

1. e4 e5 2. Nf3 Nc6 3. d4 exd4 4. Nxd4 Qf6 5. c3 Bc5 6. Be3 Nge7 7. g3 d5 8. Bg2
dxe4 9. Nd2 Bxd4 10. Nxe4 Bxc3+ 11. Nxc3 O-O 12. O-O Be6 13. Re1 Rad8 14. Qe2
Nd5 15. Nxd5 Bxd5 16. h4 Bxg2 17. Kxg2 h6 18. Qb5 Nd4 19. Bxd4 Rxd4 20. Qxb7 Rd2
21. Rf1 Rxb2 22. Qxc7 Rd8 23. Qxa7 Rdd2 24. Qa8+ Kh7 25. Qe4+ g6 26. Qf3 Qe7 27.
a4 Qa7 28. Ra3 Rb4 29. Re1 Rbb2 30. Rf1 Kg7 31. Qc3+ Kh7 32. Qf3 {Nulle par répétition} 1/2-1/2

[Event "Tournament 14472 - Europe Echecs"]
[Site "Europe Echecs"]
[Date "2020.07.10"]
[Round "5"]
[Time "16:09:51"]
[PlyCount "74"]
[White "LecciaThomas"]
[Black "AtliCeline"]
[WhiteElo "1893"]
[BlackElo "1640"]
[Mode "WEB"]
[Result "1-0"]

1. e4 c5 2. Nf3 Nc6 3. Bb5 g6 4. Bxc6 bxc6 5. d3 Bg7 6. Nc3 d5 7. Bf4 d4 8. Ne2
Nf6 9. Qd2 h5 10. O-O Bg4 11. Ne5 Qb6 12. h3 Be6 13. c3 O-O 14. Nf3 Rad8 15. Be5
dxc3 16. Qxc3 c4 17. Bxf6 Rxd3 18. Bxg7 Rxc3 19. Bxc3 a5 20. Nf4 Qc7 21. Nxe6
fxe6 22. Ng5 Qc8 23. h4 Rf4 24. g3 Rf8 25. Bxa5 e5 26. Bc3 Qb8 27. Rad1 Rf6 28.
Rd7 Rf8 29. Rxe7 Re8 30. Bxe5 Qxe5 31. Rxe5 Rxe5 32. Rc1 Ra5 33. Rxc4 Rxa2 34.
Rxc6 Rxb2 35. Rxg6+ Kf8 36. Rh6 Rb1+ 37. Kg2 {AtliCeline a abandonné} 1-0

[Event "Tournament 14472 - Europe Echecs"]
[Site "Europe Echecs"]
[Date "2020.07.10"]
[Round "5"]
[Time "16:09:51"]
[PlyCount "81"]
[White "GalhaudVictor"]
[Black "courjalpauline"]
[WhiteElo "1446"]
[BlackElo "1848"]
[Mode "WEB"]
[Result "0-1"]

1. Nf3 Nf6 2. c4 g6 3. Nc3 Bg7 4. g3 O-O 5. Bg2 d6 6. O-O e5 7. d3 Nc6 8. Bg5 h6
9. Bd2 Bg4 10. Qc1 Kh7 11. a3 a5 12. Qb1 a4 13. b4 axb3 14. Qxb3 Qd7 15. Rfc1
Bxf3 16. exf3 Nd4 17. Qb2 Qc6 18. Be3 Qc5 19. Bxd4 exd4 20. Ne4 Nxe4 21. fxe4
Ra7 22. Ra2 g5 23. Qb3 Be5 24. a4 Rfa8 25. Rca1 Qc6 26. Qc2 Ra6 27. Bh3 Kg7 28.
Bg4 Rb6 29. Bd1 Rba6 30. Qe2 Qd7 31. Rb1 b6 32. Qf1 Ra5 33. Rb5 Qe6 34. f4 gxf4
35. gxf4 Rxb5 36. f5 Qf6 37. cxb5 Kh7 38. Rc2 Rg8+ 39. Rg2 Qh4 40. Rxg8 Qxh2# {GalhaudVictor est échec et mat} 0-1

[Event "Tournament 14472 - Europe Echecs"]
[Site "Europe Echecs"]
[Date "2020.07.10"]
[Round "5"]
[Time "16:09:51"]
[PlyCount "92"]
[White "AlaimeMaxime"]
[Black "DosSantosLilia"]
[WhiteElo "1834"]
[BlackElo "1527"]
[Mode "WEB"]
[Result "1/2-1/2"]

1. e4 d6 2. d4 Nf6 3. Nc3 g6 4. Be2 Bg7 5. h4 h5 6. Nf3 Nbd7 7. Bg5 O-O 8. O-O
b6 9. Qd3 Bb7 10. e5 Nd5 11. e6 N7f6 12. exf7+ Kxf7 13. Nd1 a5 14. a3 e6 15. c4
Ne7 16. Ne3 Nf5 17. Nxf5 exf5 18. d5 Bc8 19. Nd4 Bd7 20. Bf3 Rb8 21. Rfe1 Re8
22. Rxe8 Qxe8 23. Qd2 Qf8 24. b4 axb4 25. axb4 Ra8 26. Re1 Re8 27. Ne6 Bxe6 28.
Bxf6 Bxf6 29. dxe6+ Ke7 30. Bc6 Rd8 31. Bd7 Bxh4 32. c5 bxc5 33. bxc5 Qf6 34.
cxd6+ cxd6 35. Qa5 Qd4 36. Qc7 Qxf2+ 37. Kh2 Qg3+ 38. Kg1 Qxe1+ 39. Kh2 Bg3+ 40.
Kh3 Qh1+ 41. Kxg3 Qe1+ 42. Kh2 Qh4+ 43. Kg1 Qe1+ 44. Kh2 Qh4+ 45. Kg1 Qe1+ 46.
Kh2 {Nulle par répétition} 1/2-1/2

[Event "Tournament 14472 - Europe Echecs"]
[Site "Europe Echecs"]
[Date "2020.07.10"]
[Round "5"]
[Time "16:09:51"]
[PlyCount "101"]
[White "GuignardJonath"]
[Black "ValleeLouis"]
[WhiteElo "1523"]
[BlackElo "1864"]
[Mode "WEB"]
[Result "0-1"]

1. d4 d5 2. c4 c6 3. Nf3 Nf6 4. Nc3 e6 5. cxd5 exd5 6. Qc2 Nbd7 7. Bg5 Bd6 8. e3
O-O 9. Bd3 h6 10. Bh4 Re8 11. O-O Nf8 12. Rab1 Bg4 13. Nd2 Bh5 14. b4 a6 15. Nb3
Bg6 16. Nc5 Qc7 17. Bxf6 gxf6 18. h3 Kg7 19. a4 Ne6 20. Nxe6+ Rxe6 21. Rfc1 Qe7
22. b5 axb5 23. axb5 Bc7 24. Bxg6 fxg6 25. Nxd5 cxd5 26. Qxc7 Kf7 27. Qxe7+ Rxe7
28. b6 Ke6 29. Ra1 Rxa1 30. Rxa1 Kd6 31. Rc1 h5 32. Kf1 h4 33. Ke2 g5 34. Kf3 f5
35. Rc8 Rg7 36. Rf8 g4+ 37. hxg4 fxg4+ 38. Kf4 Kc6 39. Rf6+ Kb5 40. Ke5 g3 41.
f4 h3 42. gxh3 g2 43. Rd6 g1=Q 44. Rxd5+ Kxb6 45. Rd6+ Kc7 46. Re6 Qxe3+ 47. Kf5
Rf7+ 48. Kg5 Qxe6 49. h4 Qf5+ 50. Kh6 Rh7# {GuignardJonath est échec et mat} 0-1

[Event "Tournament 14472 - Europe Echecs"]
[Site "Europe Echecs"]
[Date "2020.07.10"]
[Round "5"]
[Time "16:09:51"]
[PlyCount "91"]
[White "AllardNedellecG"]
[Black "BorissovVictor"]
[WhiteElo "1768"]
[BlackElo "1162"]
[Mode "WEB"]
[Result "1/2-1/2"]

1. e4 c5 2. Nf3 d6 3. c3 Nf6 4. Be2 Bd7 5. d3 Nc6 6. O-O e6 7. h3 Be7 8. Be3 c4
9. Nbd2 cxd3 10. Bxd3 O-O 11. Nd4 e5 12. Ne2 d5 13. f3 dxe4 14. Nxe4 Nxe4 15.
fxe4 Be6 16. Qc2 Rc8 17. a3 a6 18. Rad1 Qc7 19. Qb1 Bb3 20. Bc2 Bc4 21. Rd2 Rcd8
22. Rfd1 Rxd2 23. Rxd2 Rd8 24. Qd1 Rxd2 25. Qxd2 Qd8 26. Kf2 Qxd2 27. Bxd2 Bc5+
28. Be3 Bxe3+ 29. Kxe3 f6 30. b3 Be6 31. c4 Kf7 32. Nc3 Nd4 33. Bd1 Ke7 34. Nd5+
Bxd5 35. cxd5 Kd6 36. Kd3 Nb5 37. a4 Nd4 38. g4 g5 39. Kc4 b6 40. b4 b5+ 41.
axb5 axb5+ 42. Kd3 Kc7 43. Ke3 Kd6 44. h4 h6 45. Be2 Kc7 {Nulle par accord mutuel} 1/2-1/2

[Event "Tournament 14472 - Europe Echecs"]
[Site "Europe Echecs"]
[Date "2020.07.10"]
[Round "5"]
[Time "16:09:51"]
[PlyCount "118"]
[White "TuillierValent"]
[Black "DelageJonas"]
[WhiteElo "1607"]
[BlackElo "1491"]
[Mode "WEB"]
[Result "1-0"]

1. e4 Nc6 2. Nf3 d5 3. exd5 Qxd5 4. d4 Bg4 5. Be2 Nf6 6. c3 g6 7. Bf4 Qd7 8.
Nbd2 Bg7 9. Nb3 b6 10. h3 Be6 11. O-O O-O 12. c4 Nh5 13. Bh2 Rfd8 14. d5 Qc8 15.
Qc1 Bd7 16. dxc6 Bxc6 17. c5 Qb7 18. Rd1 Rxd1+ 19. Qxd1 Bxb2 20. Rb1 Bf6 21. Rc1
Ng7 22. cxb6 cxb6 23. Qc2 Rc8 24. Bb5 Bd7 25. Qe2 Rxc1+ 26. Nxc1 Ne6 27. Nb3 Kg7
28. Qd3 Bxb5 29. Qxb5 a6 30. Qd3 Qc8 31. Bg3 b5 32. Be5 Bxe5 33. Nxe5 f6 34. Nf3
Kf7 35. Qd5 Kg7 36. g3 Nf8 37. Nc5 Qxh3 38. Nxa6 Qc8 39. Nc5 b4 40. Nd4 Kh6 41.
Nc2 e6 42. Qd2+ Kg7 43. Qxb4 Qd8 44. Ne3 Kf7 45. Qb7+ Qe7 46. Qxe7+ Kxe7 47. a4
Kd6 48. Ne4+ Ke5 49. Nd2 Nd7 50. Kf1 Nc5 51. a5 Kd4 52. Ke2 e5 53. Nf3+ Kc3 54.
Nd5+ Kc4 55. Nxf6 Kb4 56. Nxe5 Kxa5 57. Nxh7 Kb4 58. Nd3+ Kc3 59. Nxc5 {DelageJonas a abandonné} 1-0

[Event "Tournament 14472 - Europe Echecs"]
[Site "Europe Echecs"]
[Date "2020.07.10"]
[Round "5"]
[Time "16:09:51"]
[PlyCount "55"]
[White "DrieuHugo"]
[Black "HasslerTim"]
[WhiteElo "1425"]
[BlackElo "1933"]
[Mode "WEB"]
[Result "0-1"]

1. e4 e6 2. d3 d5 3. Nd2 Nf6 4. Ngf3 c5 5. g3 Nc6 6. Bg2 b6 7. O-O Bb7 8. c3 Be7
9. h3 Qc7 10. Re1 O-O-O 11. Qc2 Bd6 12. d4 cxd4 13. cxd4 dxe4 14. Ng5 Nxd4 15.
Qxc7+ Bxc7 16. Nxf7 Nc2 17. Nxh8 Rxh8 18. Re2 Nxa1 19. Nxe4 Nxe4 20. Bxe4 Bxe4
21. Rxe4 Rd8 22. Rc4 Rd1+ 23. Kg2 Kd7 24. f4 e5 25. Kf3 Rh1 26. b3 Rh2 27. Be3
Rxa2 {DrieuHugo a perdu au temps} 0-1

[Event "Tournament 14472 - Europe Echecs"]
[Site "Europe Echecs"]
[Date "2020.07.10"]
[Round "5"]
[Time "16:09:51"]
[PlyCount "46"]
[White "LordierSophia"]
[Black "PiquardYarosla"]
[WhiteElo "1776"]
[BlackElo "1415"]
[Mode "WEB"]
[Result "1-0"]

1. d4 d5 2. c4 c6 3. Nf3 Nf6 4. g3 e6 5. Bg2 Nbd7 6. O-O Be7 7. Qc2 dxc4 8. Qxc4
Nb6 9. Qc2 Nfd5 10. a3 h5 11. e4 Nc7 12. h4 f6 13. Nc3 g5 14. hxg5 fxg5 15. e5
h4 16. Qg6+ Kd7 17. Bh3 hxg3 18. Nxg5 gxf2+ 19. Rxf2 Bxg5 20. Bxg5 Qg8 21. Rf7+
Ke8 22. Rg7+ Kf8 23. Be7# {PiquardYarosla est échec et mat} 1-0

[Event "Tournament 14472 - Europe Echecs"]
[Site "Europe Echecs"]
[Date "2020.07.10"]
[Round "5"]
[Time "16:09:51"]
[PlyCount "43"]
[White "MaufroyAlexand"]
[Black "SansoneAdam"]
[WhiteElo "1424"]
[BlackElo "1776"]
[Mode "WEB"]
[Result "1-0"]

1. e4 c5 2. Nf3 d6 3. Bb5+ Bd7 4. Bxd7+ Nxd7 5. O-O g6 6. Re1 Bg7 7. d4 cxd4 8.
Nxd4 Qb6 9. c3 Ngf6 10. Be3 Qxb2 11. Nb3 Nxe4 12. Bd4 Nxc3 13. Nxc3 Bxd4 14.
Qxd4 O-O 15. Re2 Qa3 16. Rxe7 Rad8 17. Nb5 Qa6 18. Nc7 Qa3 19. Nd5 Rfe8 20. Rxd7
Rxd7 21. Nf6+ Kf8 {SansoneAdam a abandonné} 1-0

[Event "Tournament 14472 - Europe Echecs"]
[Site "Europe Echecs"]
[Date "2020.07.10"]
[Round "5"]
[Time "16:09:51"]
[PlyCount "73"]
[White "WuClara"]
[Black "KuhnMathilde"]
[WhiteElo "1403"]
[BlackElo "1764"]
[Mode "WEB"]
[Result "0-1"]

1. d4 Nf6 2. c4 e6 3. Nf3 b6 4. g3 Bb7 5. Bg2 Be7 6. O-O d5 7. Nbd2 O-O 8. Qc2
Nbd7 9. Re1 c5 10. e4 dxe4 11. Ne5 cxd4 12. Nxd7 Qxd7 13. Nxe4 Nxe4 14. Bxe4
Bxe4 15. Qxe4 Rac8 16. b3 Bb4 17. Rd1 Bc3 18. Rb1 Rfd8 19. Bb2 Bxb2 20. Rxb2 Rc5
21. Rbd2 e5 22. Rc1 a5 23. a3 Qc6 24. Qe2 b5 25. Rcd1 bxc4 26. bxc4 Qa4 27. Re1
Qxa3 28. Ra2 Qb4 29. Rb2 Qxc4 30. Qxc4 Rxc4 31. Rb5 a4 32. Rbxe5 f6 33. Ra5 d3
34. Rd1 d2 35. Kg2 Rc1 36. Rxc1 dxc1=Q {WuClara a abandonné} 0-1

[Event "Tournament 14472 - Europe Echecs"]
[Site "Europe Echecs"]
[Date "2020.07.10"]
[Round "5"]
[Time "16:09:51"]
[PlyCount "54"]
[White "VerhilleGabin"]
[Black "EricAndrianaFi"]
[WhiteElo "1660"]
[BlackElo "1401"]
[Mode "WEB"]
[Result "1-0"]

1. e4 c6 2. d4 d5 3. exd5 cxd5 4. Bd3 Nf6 5. h3 e6 6. Bf4 Nc6 7. c3 Bd6 8. Bxd6
Qxd6 9. Nf3 O-O 10. O-O Rb8 11. Re1 b5 12. Ne5 Nd7 13. Nxc6 Qxc6 14. Nd2 Nb6 15.
Nf3 Nc4 16. b3 Nb2 17. Bxh7+ Kxh7 18. Qc2+ Kg8 19. Ng5 g6 20. Qxb2 Kg7 21. Rac1
Bd7 22. Nf3 Rh8 23. Ne5 Qd6 24. Qc2 Rbg8 25. Re3 f6 26. Qxg6+ Kf8 27. Qf7# {EricAndrianaFi est échec et mat} 1-0

[Event "Tournament 14472 - Europe Echecs"]
[Site "Europe Echecs"]
[Date "2020.07.10"]
[Round "5"]
[Time "16:09:51"]
[PlyCount "71"]
[White "GrimaultLeane"]
[Black "DevizaAndrei"]
[WhiteElo "1622"]
[BlackElo "1379"]
[Mode "WEB"]
[Result "0-1"]

1. c4 Nf6 2. Nc3 g6 3. Nf3 Bg7 4. g3 O-O 5. Bg2 d6 6. O-O e5 7. d3 Nc6 8. a3 Bd7
9. b4 Nd4 10. Nxd4 exd4 11. Nd5 Nxd5 12. cxd5 Qc8 13. Bb2 Bh3 14. Rc1 Bxg2 15.
Kxg2 c6 16. dxc6 bxc6 17. Qc2 c5 18. bxc5 dxc5 19. Qxc5 Qb7+ 20. Kg1 Qxb2 21.
Rfe1 Rac8 22. Qxa7 Rxc1 23. Rxc1 Qxc1+ 24. Kg2 Qc8 25. a4 Qa8+ 26. Qxa8 Rxa8 27.
a5 Rxa5 28. Kf3 Ra2 29. e3 dxe3 30. fxe3 Ra3 31. Ke4 Bh6 32. h3 f5+ 33. Kd4 Bg7+
34. Kc4 Rc3+ 35. Kb4 Rxd3 {GrimaultLeane a abandonné} 0-1

[Event "Tournament 14472 - Europe Echecs"]
[Site "Europe Echecs"]
[Date "2020.07.10"]
[Round "5"]
[Time "16:09:51"]
[PlyCount "136"]
[White "TallecNolann"]
[Black "LaposteNicolas"]
[WhiteElo "1400"]
[BlackElo "1616"]
[Mode "WEB"]
[Result "1-0"]

1. d4 d5 2. Bf4 Nf6 3. e3 c5 4. Nc3 Nc6 5. Nb5 Qa5+ 6. c3 g5 7. Bc7 b6 8. Be5
Kd8 9. Bxf6 exf6 10. dxc5 Be6 11. cxb6 axb6 12. e4 Ke7 13. Nf3 Rd8 14. exd5 Rxd5
15. Nfd4 Nxd4 16. Nxd4 Qc5 17. Be2 Bg7 18. O-O Rhd8 19. Bf3 R5d6 20. Re1 f5 21.
b4 Qxc3 22. Nxf5+ Kf8 23. Nxd6 Qxb4 24. Rb1 Qc5 25. Qd3 Rxd6 26. Qa6 Bd4 27. Qe2
Kg7 28. Rbc1 Qa5 29. Qe4 Qa4 30. Kh1 Qa5 31. Red1 Qa3 32. Rc7 Qb2 33. Rcc1 Qxf2
34. Rc2 Qh4 35. Qxh4 gxh4 36. Rcd2 Bxa2 37. Rxd4 Re6 38. Kg1 Bb3 39. Rg4+ Kf8
40. Rc1 h5 41. Rxh4 Re5 42. Kf2 Be6 43. Rxh5 f5 44. Rc6 Ke7 45. Rxb6 Rc5 46.
Rh7+ Kd8 47. Rb8+ Bc8 48. Rh8+ Kd7 49. Rhxc8 Rxc8 50. Rxc8 Kxc8 51. Kg3 Kd7 52.
Kf4 Ke6 53. Be2 Kf6 54. Bd3 Kg6 55. Bxf5+ Kf6 56. h4 Kg7 57. h5 Kh6 58. Bg4 Kg7
59. Kg5 Kh7 60. Bf5+ Kh8 61. h6 Kg8 62. Kg6 Kh8 63. Kf6 Kg8 64. g4 Kh8 65. g5
Kg8 66. g6 Kh8 67. g7+ Kg8 68. h7# {LaposteNicolas est échec et mat} 1-0

[Event "Tournament 14472 - Europe Echecs"]
[Site "Europe Echecs"]
[Date "2020.07.10"]
[Round "5"]
[Time "16:09:51"]
[PlyCount "63"]
[White "SemenovMaxime"]
[Black "ChardonHeremoa"]
[WhiteElo "1367"]
[BlackElo "1600"]
[Mode "WEB"]
[Result "0-1"]

1. d4 d5 2. c4 e6 3. Nc3 Nf6 4. Bg5 Nbd7 5. Nf3 c6 6. e3 Be7 7. Bd3 h6 8. Bh4
O-O 9. Rc1 dxc4 10. Bxc4 Nd5 11. Bxe7 Qxe7 12. Nxd5 exd5 13. Bd3 Nf6 14. a3 Bg4
15. O-O Ne4 16. Be2 Bxf3 17. Bxf3 f5 18. b4 Rf6 19. Rc2 Raf8 20. Qe2 Ng5 21.
Rfc1 Nxf3+ 22. Qxf3 f4 23. b5 Qxa3 24. bxc6 bxc6 25. Rxc6 Rxc6 26. Qxd5+ Kh8 27.
Qxc6 fxe3 28. Rc3 Qa1+ 29. Rc1 exf2+ 30. Kf1 Qxd4 31. Rc2 Qd1# {SemenovMaxime est échec et mat} 0-1

[Event "Tournament 14472 - Europe Echecs"]
[Site "Europe Echecs"]
[Date "2020.07.10"]
[Round "5"]
[Time "16:09:51"]
[PlyCount "35"]
[White "GrallKaelan"]
[Black "BelGirardotCha"]
[WhiteElo "1577"]
[BlackElo "1361"]
[Mode "WEB"]
[Result "0-1"]

1. d4 d5 2. Bf4 Nf6 3. e3 e6 4. Nf3 Bd6 5. Bg3 O-O 6. c4 Be7 7. Nc3 Nbd7 8. Bd3
dxc4 9. Bxc4 c5 10. Nb5 Ne4 11. Bc7 Qe8 12. Nd2 Ndf6 13. f3 Nxd2 14. Qxd2 a6 15.
Nc3 Qc6 16. Be5 cxd4 17. Bxd4 Qxc4 {GrallKaelan a abandonné} 0-1

[Event "Tournament 14472 - Europe Echecs"]
[Site "Europe Echecs"]
[Date "2020.07.10"]
[Round "5"]
[Time "16:09:51"]
[PlyCount "97"]
[White "ChevillonManon"]
[Black "RobichonPierre"]
[WhiteElo "1356"]
[BlackElo "1573"]
[Mode "WEB"]
[Result "0-1"]

1. e4 c5 2. Nf3 Nc6 3. d4 cxd4 4. Nxd4 g6 5. Nc3 Bg7 6. Be3 Nf6 7. Bc4 O-O 8. f3
Qb6 9. Bb3 Nxe4 10. Nxe4 Bxd4 11. Bxd4 Nxd4 12. c3 Nxb3 13. axb3 Qe3+ 14. Kf1 d5
15. Ng3 Rd8 16. Qe2 Qxe2+ 17. Kxe2 d4 18. Rhd1 e5 19. Ra4 Bd7 20. Rc4 Bb5 21.
Ke1 Bxc4 22. bxc4 dxc3 23. Rxd8+ Rxd8 24. bxc3 Rc8 25. Kd2 Rxc4 26. Ne4 Ra4 27.
g3 Ra2+ 28. Kd3 Rxh2 29. Nd6 a5 30. Nxb7 a4 31. Nc5 a3 32. Nb3 a2 33. c4 Rh1 34.
c5 a1=Q 35. Nxa1 Rxa1 36. Kc4 Rc1+ 37. Kd5 Kf8 38. Kd6 f5 39. Kxe5 Rxc5+ 40. Kf4
Kf7 41. Kg5 Kg7 42. f4 h6+ 43. Kh4 Kf6 44. g4 g5+ 45. Kh5 gxf4 46. g5+ hxg5 47.
Kh6 Rc7 48. Kh5 Rh7# {ChevillonManon est échec et mat} 0-1

[Event "Tournament 14472 - Europe Echecs"]
[Site "Europe Echecs"]
[Date "2020.07.10"]
[Round "5"]
[Time "16:09:51"]
[PlyCount "127"]
[White "RenaudinAxelle"]
[Black "CourcelleVicto"]
[WhiteElo "1526"]
[BlackElo "1314"]
[Mode "WEB"]
[Result "1/2-1/2"]

1. Nf3 Nf6 2. c4 g6 3. b3 Bg7 4. Bb2 O-O 5. e3 Nc6 6. d4 e6 7. Bd3 d5 8. O-O b6
9. Nc3 Bb7 10. Rc1 Nb4 11. Bb1 dxc4 12. bxc4 c5 13. Ba3 Nc6 14. dxc5 Qxd1 15.
Rfxd1 Rfc8 16. cxb6 axb6 17. Bb2 Rd8 18. Nb5 Rxd1+ 19. Rxd1 Rd8 20. Rxd8+ Nxd8
21. Bd4 Bxf3 22. Bxb6 Bxg2 23. Bxd8 Bc6 24. a4 Nd7 25. a5 Bf8 26. Nd4 Ba8 27.
Bd3 Nc5 28. Bc2 e5 29. Nb5 f5 30. Bb6 Nb7 31. Nc7 Bc5 32. Nxa8 Bxb6 33. Nxb6
Nxa5 34. c5 Kf7 35. Ba4 Ke6 36. Bd7+ Ke7 37. c6 Kd6 38. c7 Kxc7 39. Be8 Kxb6 40.
Bf7 g5 41. Be6 f4 42. exf4 exf4 43. Kg2 h6 44. Kf3 Nc6 45. Kg4 Ne5+ 46. Kh5 Nd3
47. f3 Ne1 48. Bg4 Kc5 49. Kxh6 Kd4 50. Kxg5 Ke3 51. h4 Nxf3+ 52. Bxf3 Kxf3 53.
h5 Kg3 54. h6 f3 55. h7 f2 56. h8=Q f1=Q 57. Qh4+ Kf3 58. Qf4+ Ke2 59. Qc4+ Kf2
60. Qd4+ Ke2 61. Qe4+ Kf2 62. Qc2+ Qe2 63. Qxe2+ Kxe2 {Aucun joueur n'a le mat&eacute;riel pour mater} 1/2-1/2

[Event "Tournament 14472 - Europe Echecs"]
[Site "Europe Echecs"]
[Date "2020.07.10"]
[Round "5"]
[Time "16:09:51"]
[PlyCount "127"]
[White "RazeMorvan"]
[Black "FondratJohan"]
[WhiteElo "1326"]
[BlackElo "1509"]
[Mode "WEB"]
[Result "0-1"]

1. d4 d5 2. g3 g6 3. Bg2 Bg7 4. Nf3 Nf6 5. O-O O-O 6. e3 Bf5 7. b3 Na6 8. Nc3
Nb4 9. e4 Bxe4 10. Nxe4 dxe4 11. Ng5 Nc6 12. Nxe4 Nxe4 13. Bxe4 Bxd4 14. Rb1 Bg7
15. Bf4 e5 16. Be3 Qf6 17. Qe2 b6 18. Qb5 Nd4 19. Bxd4 exd4 20. Bxa8 Rxa8 21.
Qc4 c5 22. Qd5 Rd8 23. Qb7 a5 24. Rbd1 h5 25. Kg2 Qf5 26. Rc1 Qf6 27. Qf3 Qg5
28. Qc6 Rb8 29. Qc7 Be5 30. Qc6 h4 31. Qe4 Bf6 32. Qf4 Qd5+ 33. f3 Qd8 34. Rce1
Kg7 35. Re2 Qc8 36. Rfe1 h3+ 37. Kf2 Qb7 38. Re8 Rc8 39. Qg4 d3 40. Rxc8 Bd4+
41. Kf1 d2 42. Qe4 dxe1=Q+ 43. Kxe1 Qxc8 44. Ke2 Qe6 45. Qxe6 fxe6 46. Kd3 b5
47. Ke2 Kf6 48. f4 Kf5 49. Kf3 g5 50. g4+ Kg6 51. fxg5 Kxg5 52. Kg3 Be5+ 53.
Kxh3 b4 54. Kg2 Kxg4 55. h3+ Kh4 56. Kf3 Kxh3 57. Ke4 Bd4 58. Kd3 e5 59. Ke4 Kg4
60. Kd3 Kf3 61. Kd2 e4 62. Kd1 Kf2 63. Kd2 e3+ {RazeMorvan a abandonné} 0-1

[Event "Tournament 14472 - Europe Echecs"]
[Site "Europe Echecs"]
[Date "2020.07.10"]
[Round "5"]
[Time "16:09:51"]
[PlyCount "86"]
[White "HeauMaxime"]
[Black "GlemeeMalo"]
[WhiteElo "1315"]
[BlackElo "1474"]
[Mode "WEB"]
[Result "1/2-1/2"]

1. e4 d5 2. exd5 Nf6 3. c4 c6 4. d4 cxd5 5. Nc3 Nc6 6. Nf3 Bg4 7. Qb3 Bxf3 8.
gxf3 Qb6 9. Qxb6 axb6 10. Nxd5 Nxd5 11. cxd5 Nxd4 12. Kd1 Nxf3 13. Bb5+ Kd8 14.
Be3 e6 15. dxe6 fxe6 16. Ke2 Ne5 17. Rhd1+ Ke7 18. Bxb6 Kf7 19. f4 Ng6 20. Rd7+
Be7 21. Kf3 Rac8 22. Rxb7 Rc2 23. Bd3 Rxb2 24. Bxg6+ hxg6 25. a4 Rhxh2 26. Rd1
Rb3+ 27. Ke4 Rb4+ 28. Rd4 Rxd4+ 29. Bxd4 Ke8 30. Bxg7 Ra2 31. Ra7 Bc5 32. Ra8+
Kd7 33. a5 Kc6 34. Ke5 Re2+ 35. Kf6 Bd4+ 36. Kf7 Bxg7 37. Kxg7 Rf2 38. Kxg6 Rxf4
39. Re8 Kb5 40. Ra8 Ra4 41. Kf6 Rxa5 42. Rxa5+ Kxa5 43. Kxe6 {Aucun joueur n'a le mat&eacute;riel pour mater} 1/2-1/2